Statistics for All Countries with 3 Stripes Going Downwards

Click here to take the quiz!

General Stats

  • This quiz has been taken 27 times
  • The average score is 17 of 21

Answer Stats

Answer% Correct
France
100%
Ireland
100%
Italy
96%
Nigeria
96%
Romania
96%
Afghanistan
92%
Belgium
92%
Ivory Coast
92%
Mexico
88%
Moldova
88%
Barbados
83%
Chad
83%
Andorra
79%
Peru
79%
Cameroon
71%
Mali
71%
Mongolia
71%
Senegal
71%
Guatemala
67%
Guinea
67%
St Vincent and the Grenadines
63%

Score Distribution

Percentile by Number Answered

Percent of People with Each Score

Your Score History

You have not taken this quiz